[Event "GER-chT U20 Girls "]
[Site "Chemnitz"]
[Date "2009.12.30"]
[Round "7.3"]
[White "Stitterich, Nadine"]
[Black "Friese, Sarah"]
[Result "1-0"]
[WhiteElo "1956"]
[BlackElo "1311"]
[PlyCount "103"]
[EventDate "2009.12.27"]
[EventType "team-swiss"]
[EventRounds "7"]
[EventCountry "GER"]
[SourceTitle "EXT 2022"]
[Source "ChessBase"]
[SourceDate "2021.10.06"]
[SourceVersion "1"]
[SourceVersionDate "2021.10.06"]
[SourceQuality "1"]
[WhiteTeam "Stuttgart Wolfbusch U20 Girls"]
[BlackTeam "Dortmund SV U20 Girls"]
[WhiteTeamCountry "GER"]
[BlackTeamCountry "GER"]

1. e4 c6 2. d4 d5 3. Nc3 dxe4 4. Nxe4 Bf5 5. Ng3 Bg6 6. h4 h6 7. h5 Bh7 8. Nf3 Nf6 9. Bd3 e6 10. Bxh7 Nxh7 11. Qd3 Bd6 12. Bd2 Nd7 13. 0-0-0 Qc7 14. Ne4 Nhf6 15. Qe2 Nxe4 16. Qxe4 Nf6 17. Qe2 0-0-0 18. Ne5 Bxe5 19. dxe5 Nd5 20. c4 Ne7 21. g4 c5 22. Bc3 Nc6 23. f4 Nd4 24. Bxd4 cxd4 25. Kb1 Kb8 26. Rd2 Rd7 27. Rhd1 Rhd8 28. b3 Qb6 29. Rd3 Rc7 30. Ka1 Qc5 31. Qe4 Rcd7 32. Qh7 Qf8 33. Kb2 f6 34. exf6 Qxf6 35. Qe4 Rd6 36. b4 Rb6 37. Kb3 Rbd6 38. c5 R6d7 39. Kc4 Qf7 40. Qe5+ Ka8 41. Rxd4 Rxd4+ 42. Rxd4 Rxd4+ 43. Kxd4 a6 44. Kc3 Ka7 45. Qd4 Qc7 46. Qd6 Qxd6 47. cxd6 Kb6 48. Kd4 Kc6 49. Ke5 Kd7 50. a4 b6 51. b5 axb5 52. axb5 1-0

[Event "GER-chT U20 Girls "]
[Site "Chemnitz"]
[Date "2009.12.29"]
[Round "5.3"]
[White "Biryuk, Svitlana"]
[Black "Friese, Sarah"]
[Result "1/2-1/2"]
[WhiteElo "1135"]
[BlackElo "1311"]
[PlyCount "52"]
[EventDate "2009.12.27"]
[EventType "team-swiss"]
[EventRounds "7"]
[EventCountry "GER"]
[SourceTitle "EXT 2022"]
[Source "ChessBase"]
[SourceDate "2021.10.06"]
[SourceVersion "1"]
[SourceVersionDate "2021.10.06"]
[SourceQuality "1"]
[WhiteTeam "Duesseldorf SF 75 U20 Girls"]
[BlackTeam "Dortmund SV U20 Girls"]
[WhiteTeamCountry "GER"]
[BlackTeamCountry "GER"]

1. c4 e6 2. d4 d5 3. e3 Nf6 4. Nf3 c5 5. Nc3 dxc4 6. Bxc4 Nc6 7. 0-0 cxd4 8. Nxd4 Nxd4 9. Qxd4 Qxd4 10. exd4 a6 11. Re1 Be7 12. d5 b5 13. Bb3 b4 14. Na4 exd5 15. Nb6 Rb8 16. Nxd5 Nxd5 17. Bxd5 h5 18. Bf4 Rb6 19. Rad1 Kf8 20. Bc7 Rg6 21. Bf3 Bg4 22. Bxg4 hxg4 23. Bd8 Re6 24. Bxe7+ Kxe7 25. Rxe6+ Kxe6 26. Rd4 Rc8 1/2-1/2

[Event "GER-chT U20 Girls "]
[Site "Chemnitz"]
[Date "2009.12.28"]
[Round "3.3"]
[White "Friese, Sarah"]
[Black "Heym, Alexandra"]
[Result "1-0"]
[WhiteElo "1311"]
[BlackElo "1206"]
[PlyCount "101"]
[EventDate "2009.12.27"]
[EventType "team-swiss"]
[EventRounds "7"]
[EventCountry "GER"]
[SourceTitle "EXT 2022"]
[Source "ChessBase"]
[SourceDate "2021.10.06"]
[SourceVersion "1"]
[SourceVersionDate "2021.10.06"]
[SourceQuality "1"]
[WhiteTeam "Dortmund SV U20 Girls"]
[BlackTeam "Fichtelgebirge U20 Girls"]
[WhiteTeamCountry "GER"]
[BlackTeamCountry "GER"]

1. e4 d5 2. exd5 Qxd5 3. Nc3 Qa5 4. Nf3 e6 5. a3 Bb4 6. Rb1 Bxc3 7. bxc3 c6 8. Be2 Nf6 9. 0-0 0-0 10. Nd4 Nbd7 11. Bd3 Ne5 12. Nf3 Nxd3 13. cxd3 b6 14. Bb2 Ba6 15. c4 Qf5 16. Qc2 b5 17. Nd4 Qg6 18. Nxc6 Rfe8 19. Bxf6 Qxf6 20. cxb5 Bb7 21. Rb4 Rec8 22. Rc4 Bxc6 23. Rxc6 Rxc6 24. Qxc6 Qd8 25. Rc1 h6 26. Qc4 Qd5 27. Qxd5 exd5 28. Rc5 Rd8 29. Rc7 Re8 30. Kf1 Rb8 31. a4 Ra8 32. Rd7 a6 33. Rxd5 axb5 34. axb5 Kf8 35. b6 Rb8 36. Rb5 Ke7 37. d4 Kd7 38. d5 g6 39. Ke2 f5 40. Kd3 Kd6 41. b7 Kc7 42. Kd4 g5 43. Ke5 f4 44. Kf6 Kd6 45. Kg6 g4 46. Kxh6 g3 47. hxg3 fxg3 48. fxg3 Kc7 49. g4 Kd7 50. g5 Ke7 51. g6 1-0

[Event "GER-ch U14 Girls"]
[Site "Willingen"]
[Date "2008.05.11"]
[Round "4"]
[White "Bruehan, Caren"]
[Black "Friese, Sarah"]
[Result "1-0"]
[WhiteElo "1221"]
[BlackElo "1338"]
[PlyCount "67"]
[EventDate "2008.05.11"]
[EventType "swiss"]
[EventRounds "9"]
[EventCountry "GER"]
[SourceTitle "CBM 124 Extra"]
[Source "ChessBase"]
[SourceDate "2008.07.03"]
[SourceVersion "1"]
[SourceVersionDate "2008.07.03"]
[SourceQuality "1"]

1. Nf3 d5 2. d4 Nf6 3. Bf4 c5 4. dxc5 e6 5. c4 Bxc5 6. e3 0-0 7. Nc3 Nc6 8. Be2 b6 9. 0-0 h6 10. h3 Bb7 11. Be5 Nxe5 12. Nxe5 Qd6 13. Nf3 e5 14. cxd5 Nxd5 15. Nxd5 Bxd5 16. Qd2 Rfd8 17. a3 Qf6 18. Qc3 Bd6 19. Rad1 Rac8 20. Qd2 Bb7 21. Qe1 e4 22. Nd4 Be5 23. Qb4 a5 24. Qb5 Bxd4 25. Rxd4 Rxd4 26. exd4 Qxd4 27. Rd1 Qf6 28. Qb3 Qg6 29. Rd7 Bc6 30. Rxf7 Kh8 31. g3 e3 32. Kh2 exf2 33. Rxf2 Be8 34. Rf8+ 1-0

[Event "GER-ch U14 Girls"]
[Site "Willingen"]
[Date "2008.05.11"]
[Round "2"]
[White "Evers, Annika"]
[Black "Friese, Sarah"]
[Result "1/2-1/2"]
[WhiteElo "1516"]
[BlackElo "1338"]
[PlyCount "52"]
[EventDate "2008.05.11"]
[EventType "swiss"]
[EventRounds "9"]
[EventCountry "GER"]
[SourceTitle "CBM 124 Extra"]
[Source "ChessBase"]
[SourceDate "2008.07.03"]
[SourceVersion "1"]
[SourceVersionDate "2008.07.03"]
[SourceQuality "1"]

1. e4 c6 2. d4 d5 3. exd5 cxd5 4. Nf3 Bg4 5. c4 Nc6 6. Be3 Nf6 7. Nbd2 e6 8. Qb3 Qd7 9. Be2 Bxf3 10. Nxf3 Bb4+ 11. Kf1 Be7 12. Rc1 0-0 13. cxd5 Nxd5 14. Bb5 Rac8 15. Qc4 Qd8 16. Qb3 a6 17. Bxc6 Rxc6 18. Rxc6 bxc6 19. Ke2 Qd6 20. Rc1 Rb8 21. Qc2 Nb4 22. Qc4 Nd5 23. b3 Qa3 24. Rc2 Nb4 25. Bc1 Qa5 26. Bd2 Qb5 1/2-1/2

[Event "GER-ch U14 Girls"]
[Site "Willingen"]
[Date "2008.05.11"]
[Round "6"]
[White "Rogasch, Miriam"]
[Black "Friese, Sarah"]
[Result "1-0"]
[WhiteElo "1560"]
[BlackElo "1338"]
[PlyCount "75"]
[EventDate "2008.05.11"]
[EventType "swiss"]
[EventRounds "9"]
[EventCountry "GER"]
[SourceTitle "CBM 124 Extra"]
[Source "ChessBase"]
[SourceDate "2008.07.03"]
[SourceVersion "1"]
[SourceVersionDate "2008.07.03"]
[SourceQuality "1"]

1. e4 c6 2. d4 d5 3. e5 Bf5 4. Nc3 e6 5. g4 Bg6 6. h4 h6 7. h5 Bh7 8. Bd3 Bxd3 9. Qxd3 Nd7 10. Be3 Qb6 11. 0-0-0 c5 12. Na4 Qc6 13. Nxc5 Bxc5 14. dxc5 Nxc5 15. Bxc5 Qxc5 16. f4 Ne7 17. Nf3 Rc8 18. Nd4 a6 19. f5 exf5 20. Nxf5 Nxf5 21. gxf5 Qc4 22. Qxc4 dxc4 23. Rh4 0-0 24. Rg4 Kh7 25. Rd7 Rc5 26. Re4 b5 27. e6 fxe6 28. fxe6 Rcc8 29. Kd2 Rcd8 30. Ke3 Rxd7 31. exd7 Rd8 32. Re7 a5 33. Kd4 a4 34. b4 cxb3 35. cxb3 axb3 36. axb3 b4 37. Kd5 Rc8 38. Rxg7+ 1-0

[Event "GER-ch U14 Girls"]
[Site "Willingen"]
[Date "2008.05.11"]
[Round "7"]
[White "Weissenburg, Isabel"]
[Black "Friese, Sarah"]
[Result "0-1"]
[WhiteElo "1406"]
[BlackElo "1338"]
[PlyCount "150"]
[EventDate "2008.05.11"]
[EventType "swiss"]
[EventRounds "9"]
[EventCountry "GER"]
[SourceTitle "CBM 124 Extra"]
[Source "ChessBase"]
[SourceDate "2008.07.03"]
[SourceVersion "1"]
[SourceVersionDate "2008.07.03"]
[SourceQuality "1"]

1. e4 c6 2. d4 d5 3. exd5 cxd5 4. Bd3 Nf6 5. Bf4 Nc6 6. c3 Bg4 7. Qb3 Qd7 8. Nd2 e6 9. Ngf3 Bxf3 10. Nxf3 Bd6 11. Bxd6 Qxd6 12. 0-0 0-0 13. Rfe1 Nd7 14. Qd1 e5 15. Nxe5 Ndxe5 16. Bxh7+ Kxh7 17. dxe5 Qe6 18. Re3 Rh8 19. Qd3+ Kg8 20. Rd1 Rd8 21. c4 d4 22. Re4 Rh5 23. f4 Qh6 24. h3 Rh4 25. Rf1 Qh7 26. Qf3 Ne7 27. f5 Rxe4 28. Qxe4 Qh6 29. f6 gxf6 30. exf6 Nc6 31. Rf4 d3 32. Rg4+ Kf8 33. Qf5 Rd6 34. Qc8+ Nd8 35. Qc5 Qxf6 36. Re4 b6 37. Qb5 Re6 38. Qb4+ Ke8 39. Qb5+ Kf8 40. Qb4+ Kg8 41. Rg4+ Kh7 42. c5 Qf5 43. Qd4 Re1+ 44. Kh2 Qe5+ 45. Qxe5 Rxe5 46. Rd4 Nc6 47. Rxd3 Rxc5 48. Rd7 Kg7 49. Rc7 a5 50. g4 Ne5 51. Re7 Nd3 52. Re2 Rb5 53. b3 a4 54. bxa4 Rb2 55. Rxb2 Nxb2 56. Kg3 Nxa4 57. Kf4 Nc3 58. a3 Nb1 59. Ke4 Nxa3 60. Kd4 Nc2+ 61. Kc4 Kg6 62. Kb5 Kg5 63. Kxb6 Kh4 64. Kc5 Kxh3 65. g5 Kg4 66. Kc4 Kxg5 67. Kc3 Ne3 68. Kd3 Ng2 69. Ke2 Kg4 70. Kf2 Nh4 71. Ke2 f5 72. Kf2 Kf4 73. Kg1 Ke3 74. Kh2 f4 75. Kg1 Ke2 0-1

[Event "GER-chT U14 Girls"]
[Site "Stuttgart"]
[Date "2007.12.30"]
[Round "7.2"]
[White "Friese, Sarah"]
[Black "Zeller, Elisa"]
[Result "0-1"]
[WhiteElo "1181"]
[BlackElo "1216"]
[PlyCount "120"]
[EventDate "2007.12.27"]
[EventType "team-swiss"]
[EventRounds "7"]
[EventCountry "GER"]
[SourceTitle "EXT 2009"]
[Source "ChessBase"]
[SourceDate "2008.11.26"]
[SourceVersion "1"]
[SourceVersionDate "2008.11.26"]
[SourceQuality "1"]
[WhiteTeam "Porta Westfalica U14 Girls"]
[BlackTeam "Heumaden U14 Girls"]
[WhiteTeamCountry "GER"]
[BlackTeamCountry "GER"]

1. e4 e5 2. Nf3 Nc6 3. Bb5 d6 4. 0-0 Bg4 5. h3 Bh5 6. c3 a6 7. Bxc6+ bxc6 8. d4 exd4 9. cxd4 Nf6 10. Nc3 Be7 11. Bg5 0-0 12. Qd3 h6 13. Bxf6 Bxf6 14. Rad1 Bg6 15. Qe3 Qe7 16. Rfe1 Rfe8 17. e5 Bg5 18. Nxg5 Qxg5 19. Qxg5 hxg5 20. exd6 cxd6 21. d5 c5 22. f3 f5 23. Re6 Rxe6 24. dxe6 Rd8 25. Nd5 Re8 26. Re1 Kf8 27. e7+ Kf7 28. Re2 f4 29. Kf2 Bd3 30. Rd2 Bc4 31. b3 Bxd5 32. Rxd5 Kxe7 33. Rxg5 Kf6 34. Rd5 Ke6 35. Rd2 d5 36. Re2+ Kd7 37. Rxe8 Kxe8 38. g3 fxg3+ 39. Kxg3 Kf7 40. Kf4 d4 41. Ke4 Ke6 42. Kd3 Kd5 43. f4 Ke6 44. Kc4 Kf5 45. b4 cxb4 46. Kxd4 Kxf4 47. h4 Kg4 48. h5 Kxh5 49. Ke3 Kg5 50. Kf3 Kf5 51. Ke3 g5 52. Kf3 a5 53. Kg3 g4 54. Kg2 Kf4 55. Kf2 a4 56. Kg2 g3 57. Kg1 Kf3 58. Kf1 g2+ 59. Kg1 a3 60. Kh2 Kf2 0-1

[Event "GER-chT U14 Girls"]
[Site "Stuttgart"]
[Date "2007.12.28"]
[Round "4.2"]
[White "Tran, My Linh"]
[Black "Friese, Sarah"]
[Result "1-0"]
[WhiteElo "1169"]
[BlackElo "1181"]
[PlyCount "137"]
[EventDate "2007.12.27"]
[EventType "team-swiss"]
[EventRounds "7"]
[EventCountry "GER"]
[SourceTitle "EXT 2009"]
[Source "ChessBase"]
[SourceDate "2008.11.26"]
[SourceVersion "1"]
[SourceVersionDate "2008.11.26"]
[SourceQuality "1"]
[WhiteTeam "Rossdorf SC Ladja U14 Girls"]
[BlackTeam "Porta Westfalica U14 Girls"]
[WhiteTeamCountry "GER"]
[BlackTeamCountry "GER"]

1. e4 c6 2. Nf3 d5 3. exd5 cxd5 4. d4 Bg4 5. c3 Nf6 6. Bg5 e6 7. Qa4+ Nc6 8. Ne5 Qb6 9. Bb5 Rc8 10. Nd2 Bf5 11. 0-0 Be7 12. Bxc6+ bxc6 13. Qb3 0-0 14. Bxf6 Bxf6 15. Qxb6 axb6 16. Nd7 Rfd8 17. Nxb6 Rb8 18. Na4 Be7 19. b4 Ra8 20. Nc5 Bxc5 21. bxc5 Ra3 22. Rfc1 Rda8 23. Nf3 f6 24. h3 Rxa2 25. Rxa2 Rxa2 26. Ne1 e5 27. dxe5 fxe5 28. Nf3 Ra5 29. Nxe5 Rxc5 30. Kf1 d4 31. Nf3 dxc3 32. Ke2 Kf7 33. Ke3 c2 34. Nd4 Bg6 35. Kd2 Rd5 36. Kc3 Ke7 37. Nxc6+ Kd6 38. Nd4 Rc5+ 39. Kb2 Kd5 40. Nxc2 Rxc2+ 41. Rxc2 Bxc2 42. Kxc2 Ke4 43. Kd2 g5 44. Ke2 h5 45. g3 g4 46. h4 Ke5 47. Ke3 Kf5 48. f3 gxf3 49. Kxf3 Kg6 50. Ke4 Kf6 51. Kf4 Kg6 52. Ke5 Kg7 53. Kf5 Kh6 54. Kf6 Kh7 55. Kg5 Kg7 56. Kxh5 Kf6 57. g4 Kg7 58. Kg5 Kh7 59. h5 Kg7 60. Kh4 Kh6 61. g5+ Kg7 62. g6 Kh6 63. Kg4 Kg7 64. Kg5 Kg8 65. h6 Kh8 66. Kf6 Kg8 67. h7+ Kh8 68. g7+ Kxh7 69. Kf7 1-0

[Event "GER-chT U14 Girls"]
[Site "Stuttgart"]
[Date "2007.12.27"]
[Round "1.2"]
[White "Friese, Sarah"]
[Black "Moyrer, Maren"]
[Result "1-0"]
[WhiteElo "1181"]
[BlackElo "982"]
[PlyCount "39"]
[EventDate "2007.12.27"]
[EventType "team-swiss"]
[EventRounds "7"]
[EventCountry "GER"]
[SourceTitle "EXT 2009"]
[Source "ChessBase"]
[SourceDate "2008.11.26"]
[SourceVersion "1"]
[SourceVersionDate "2008.11.26"]
[SourceQuality "1"]
[WhiteTeam "Porta Westfalica U14 Girls"]
[BlackTeam "Untergrombach U14 Girls"]
[WhiteTeamCountry "GER"]
[BlackTeamCountry "GER"]

1. e4 e5 2. Nf3 Nc6 3. Bb5 Nf6 4. 0-0 a6 5. Ba4 b5 6. Bb3 Bc5 7. Re1 Ng4 8. Re2 Nd4 9. Nxd4 Bxd4 10. c3 Nxf2 11. Rxf2 Bxf2+ 12. Kxf2 Qh4+ 13. Kg1 Qxe4 14. d3 Qg6 15. Qf3 c6 16. Nd2 d5 17. Qe3 0-0 18. d4 exd4 19. cxd4 Re8 20. Qxe8# 1-0

[Event "NRW-ch U14 Girls"]
[Site "Kranenburg"]
[Date "2007.04.14"]
[Round "7"]
[White "Friese, Sarah"]
[Black "Micklich, Rahel"]
[Result "0-1"]
[WhiteElo "1061"]
[BlackElo "1795"]
[PlyCount "60"]
[EventDate "2007.04.09"]
[EventType "swiss"]
[EventRounds "7"]
[EventCountry "GER"]
[SourceTitle "EXT 2008"]
[Source "ChessBase"]
[SourceDate "2007.11.25"]
[SourceVersion "1"]
[SourceVersionDate "2007.11.25"]
[SourceQuality "1"]

1. e4 c5 2. c3 g6 3. d4 cxd4 4. cxd4 d5 5. exd5 Nf6 6. Nf3 Nxd5 7. Nc3 a6 8. Bc4 Nb6 9. Bb3 Bg7 10. 0-0 0-0 11. Re1 Nc6 12. Be3 Bg4 13. d5 Ne5 14. h3 Nxf3+ 15. gxf3 Bxh3 16. Bxb6 Qxb6 17. Rxe7 Qf6 18. Kh2 Qxe7 19. Kxh3 Qd7+ 20. Kg2 Rfe8 21. d6 Bxc3 22. bxc3 Re5 23. Qd4 Rg5+ 24. Kf1 Qh3+ 25. Ke2 Re8+ 26. Kd2 Qxf3 27. Re1 Rxe1 28. Kxe1 Rg1+ 29. Kd2 Rf1 30. Qe3 Rxf2+ 0-1

[Event "NRW-ch U14 Girls"]
[Site "Kranenburg"]
[Date "2007.04.13"]
[Round "6"]
[White "Hohmann, Louisa"]
[Black "Friese, Sarah"]
[Result "1-0"]
[WhiteElo "1643"]
[BlackElo "1061"]
[PlyCount "111"]
[EventDate "2007.04.09"]
[EventType "swiss"]
[EventRounds "7"]
[EventCountry "GER"]
[SourceTitle "EXT 2008"]
[Source "ChessBase"]
[SourceDate "2007.11.25"]
[SourceVersion "1"]
[SourceVersionDate "2007.11.25"]
[SourceQuality "1"]

1. e4 e5 2. Nf3 Nc6 3. Bb5 a6 4. Ba4 b5 5. Bb3 Nf6 6. 0-0 Be7 7. c3 0-0 8. Re1 d6 9. h3 Na5 10. Bc2 c5 11. d4 cxd4 12. cxd4 exd4 13. Nxd4 Re8 14. Nc3 Bb7 15. a3 d5 16. e5 Nd7 17. e6 fxe6 18. Nxe6 Qb6 19. Nxg7 Kxg7 20. Qg4+ Kh8 21. Qxd7 Qd6 22. Rxe7 Qxe7 23. Qxe7 Rxe7 24. Be3 Rd8 25. Bg5 Rde8 26. Bxe7 Rxe7 27. Rd1 Rd7 28. Be4 Nc4 29. b3 Nxa3 30. Bxd5 Bxd5 31. Rxd5 Rxd5 32. Nxd5 a5 33. Nc3 b4 34. Na4 Kg7 35. Kf1 Kf6 36. Ke2 Ke5 37. Kd3 Kd5 38. g4 Nb5 39. Nb6+ Kc5 40. Nc4 Nd4 41. Nxa5 Ne6 42. Ke3 Ng5 43. h4 Nf7 44. Nc4 Nh8 45. h5 Nf7 46. f4 Kd5 47. g5 Ke6 48. Ke4 Nh8 49. f5+ Kf7 50. Ne5+ Kg7 51. Kd5 Kf8 52. g6 hxg6 53. Nxg6+ Nxg6 54. fxg6 Kg7 55. Kc4 Kh6 56. Kxb4 1-0